| 000 | 00688nam a2200169Ia 4500 | ||
|---|---|---|---|
| 008 | 090711s9999 xx 000 0 und d | ||
| 082 | _b47411 | ||
| 100 | _aसाठवणे पां. आ. | ||
| 245 | _aस्त्रियांSो रोग व त्यावरील उपाय | ||
| 260 |
_bसाठवणे प्रकाशन _c1985 |
||
| 300 | _a86 | ||
| 600 | _aसाठवणे पां. आ. | ||
| 630 | _aस्त्रियांSो रोग व त्यावरील उपाय | ||
| 700 | _aसाठवणे पां. आ. | ||
| 730 | _aस्त्रियांSो रोग व त्यावरील उपाय | ||
| 942 | _cBOOK | ||
| 999 |
_c328910 _d328910 |
||